000 00565nam a2200205Ia 4500
005 20250923144734.0
008 008 250917s9999 xx 000 0 eng d
037 _aTextual
040 _aDSWL
_beng
_cDSWL
041 _aeng
_2eng
084 _qDSWL
100 _aHartmann, Heinz
_9827903
245 0 _aAuthority and organization in German management
_cby Heinz Hartmann
260 _aNew Jersey
_b Princeton University Press
_c1959
300 _axvi,318p.
365 _aUSD
_b6
925 _g6
942 _cTEXL
999 _c1442718
_d1442718